[Event "Titled Tuesday intern op 12th Sep Late"]
[Site "Chess.com INT"]
[Date "2023.09.12"]
[Round "5"]
[White "Gruzman, Ilya"]
[Black "Nilsen, Tobias Lang"]
[Result "1-0"]
[WhiteElo "2151"]
[BlackElo "2219"]
[PlyCount "73"]
[EventDate "2023.09.12"]
[EventType "swiss (blitz)"]
[EventRounds "11"]
[EventCountry "USA"]
[SourceTitle "EXT 2024"]
[Source "ChessBase"]
[SourceDate "2023.10.10"]
[SourceVersion "1"]
[SourceVersionDate "2023.10.10"]
[SourceQuality "1"]

1. c4 c5 2. Nc3 g6 3. Nf3 Bg7 4. d4 cxd4 5. Nxd4 Nc6 6. Nc2 Nf6 7. g3 0-0 8. Bg2 d6 9. 0-0 Be6 10. b3 Qd7 11. Re1 Rfd8 12. Bb2 a6 13. Nd5 Bxd5 14. cxd5 Nb8 15. Nd4 Qe8 16. Rc1 Nbd7 17. Rc7 Rab8 18. b4 Rdc8 19. Qc2 Nb6 20. e4 Qd8 21. Rc1 Ne8 22. Rxc8 Rxc8 23. Qd1 Rxc1 24. Qxc1 Qc7 25. Qxc7 Nxc7 26. Ba1 Nb5 27. Nb3 Bxa1 28. Nxa1 Nc3 29. a3 Nc4 30. Nc2 Nb5 31. a4 Nc3 32. a5 Nd2 33. Bh3 f5 34. exf5 Nxd5 35. fxg6 hxg6 36. Be6+ Kg7 37. Bxd5 1-0

[Event "Titled Tuesday intern op 12th Sep Early"]
[Site "Chess.com INT"]
[Date "2023.09.12"]
[Round "10"]
[White "Kleiman, Jake"]
[Black "Nilsen, Tobias Lang"]
[Result "1-0"]
[WhiteElo "2399"]
[BlackElo "2219"]
[PlyCount "117"]
[EventDate "2023.09.12"]
[EventType "swiss (blitz)"]
[EventRounds "11"]
[EventCountry "USA"]
[SourceTitle "EXT 2024"]
[Source "ChessBase"]
[SourceDate "2023.10.10"]
[SourceVersion "1"]
[SourceVersionDate "2023.10.10"]
[SourceQuality "1"]

1. e4 e6 2. d3 d5 3. Qe2 Nf6 4. Nf3 Be7 5. g3 c5 6. Bg2 Nc6 7. 0-0 0-0 8. e5 Nd7 9. c4 b5 10. Bf4 Nb6 11. b3 bxc4 12. dxc4 Ba6 13. Na3 Rc8 14. Rfd1 Qe8 15. Rac1 dxc4 16. bxc4 Nd4 17. Qe3 Qa4 18. Nd2 Rfd8 19. h4 Ne2+ 20. Qxe2 Qxa3 21. Be4 Na4 22. Nb1 Qb2 23. Rc2 Rxd1+ 24. Qxd1 Qd4 25. Qe2 Qa1 26. Rc1 Qb2 27. Qd1 Nb6 28. Rc2 Qb4 29. Nd2 Rd8 30. Qc1 Qa4 31. Kg2 Qb4 32. Rc3 Na4 33. Rb3 Qa5 34. Qa3 Rc8 35. Bf3 Bd8 36. Be3 Rc7 37. Bg5 Bxg5 38. hxg5 Rc8 39. Ne4 Bxc4 40. Rb7 Bd5 41. Nd6 Rf8 42. Bxd5 exd5 43. Rb5 Qc3 44. Qxa4 Qxe5 45. Nb7 Qxg5 46. Qxa7 c4 47. Qd4 Qe7 48. Qxd5 h6 49. Rc5 Re8 50. Rxc4 Rb8 51. Nd6 Rd8 52. Rc8 Rxc8 53. Nxc8 Qf6 54. Nd6 Kh7 55. a4 Qa1 56. a5 Qa4 57. Nf5 g6 58. Qxf7+ Kh8 59. Qg7# 1-0

[Event "Titled Tuesday intern op 12th Sep Early"]
[Site "Chess.com INT"]
[Date "2023.09.12"]
[Round "9"]
[White "Mitrovic, Darko R"]
[Black "Nilsen, Tobias Lang"]
[Result "0-1"]
[WhiteElo "2220"]
[BlackElo "2219"]
[PlyCount "100"]
[EventDate "2023.09.12"]
[EventType "swiss (blitz)"]
[EventRounds "11"]
[EventCountry "USA"]
[SourceTitle "EXT 2024"]
[Source "ChessBase"]
[SourceDate "2023.10.10"]
[SourceVersion "1"]
[SourceVersionDate "2023.10.10"]
[SourceQuality "1"]

1. d4 d5 2. Nf3 e6 3. g3 b5 4. Bg2 Bb7 5. 0-0 Nf6 6. a4 b4 7. a5 Bd6 8. Nbd2 a6 9. c4 bxc3 10. bxc3 0-0 11. c4 dxc4 12. Nxc4 Nbd7 13. Nxd6 cxd6 14. Ba3 Qe7 15. Ne5 Bxg2 16. Kxg2 Rfc8 17. Rb1 Ra7 18. Qa4 Rac7 19. Nxd7 Nxd7 20. Qb4 Rc4 21. Qb7 R4c6 22. Rfc1 Rxc1 23. Rxc1 Rxc1 24. Bxc1 Qd8 25. Qxa6 Nb8 26. Qb7 h6 27. a6 Nxa6 28. Qxa6 d5 29. Bf4 Qf6 30. e3 Qf5 31. Qe2 Kh7 32. Bd6 Kg8 33. Qf3 Qg6 34. h4 Qc2 35. h5 Qd3 36. Be5 f6 37. Bd6 Kf7 38. Bc5 Qc2 39. Qf4 Kg8 40. Qd6 Qe4+ 41. Kh2 Qf5 42. Kg2 Kh7 43. Qf8 Qxh5 44. Qf7 Qf5 45. Qe7 h5 46. Qd6 Qe4+ 47. Kg1 h4 48. Qf4 Qb1+ 49. Kg2 hxg3 50. Kxg3 Qg6+ 0-1

[Event "Titled Tuesday intern op 12th Sep Early"]
[Site "Chess.com INT"]
[Date "2023.09.12"]
[Round "4"]
[White "Nilsen, Tobias Lang"]
[Black "Filali, Razzouki Marouan"]
[Result "1-0"]
[WhiteElo "2219"]
[BlackElo "2234"]
[PlyCount "101"]
[EventDate "2023.09.12"]
[EventType "swiss (blitz)"]
[EventRounds "11"]
[EventCountry "USA"]
[SourceTitle "EXT 2024"]
[Source "ChessBase"]
[SourceDate "2023.10.10"]
[SourceVersion "1"]
[SourceVersionDate "2023.10.10"]
[SourceQuality "1"]

1. f4 c5 2. Nf3 d6 3. g3 g6 4. Bg2 Bg7 5. 0-0 Nc6 6. d3 Nf6 7. Nc3 0-0 8. e4 e5 9. fxe5 dxe5 10. Bg5 h6 11. Be3 Nd4 12. Qd2 Nxf3+ 13. Bxf3 Kh7 14. Bxc5 Re8 15. Be3 a6 16. Rae1 b5 17. a3 Rb8 18. Kh1 Bh3 19. Bg2 Be6 20. Bg1 b4 21. axb4 Rxb4 22. b3 Qc7 23. Nd5 Bxd5 24. Qxb4 Ba8 25. Qb6 Qe7 26. Bc5 Qe6 27. Qxe6 Rxe6 28. Ra1 Rc6 29. b4 Kg8 30. c4 Nd7 31. Be3 Rd6 32. Rfd1 Bb7 33. Kg1 h5 34. Bh3 Nf8 35. Bc5 Rd8 36. b5 axb5 37. cxb5 f5 38. exf5 Bf3 39. Rf1 Rxd3 40. fxg6 e4 41. Bg2 Bxa1 42. Rxa1 Nxg6 43. Bxf3 exf3 44. Rb1 Ne5 45. b6 Nd7 46. b7 Nb8 47. Ba7 Na6 48. Rb6 Rd1+ 49. Kf2 Rd2+ 50. Kxf3 Rb2 51. Rxb2 1-0

[Event "Titled Tuesday intern op 12th Sep Late"]
[Site "Chess.com INT"]
[Date "2023.09.12"]
[Round "6"]
[White "Nilsen, Tobias Lang"]
[Black "Haitin, Ilja"]
[Result "0-1"]
[WhiteElo "2219"]
[BlackElo "2284"]
[PlyCount "106"]
[EventDate "2023.09.12"]
[EventType "swiss (blitz)"]
[EventRounds "11"]
[EventCountry "USA"]
[SourceTitle "EXT 2024"]
[Source "ChessBase"]
[SourceDate "2023.10.10"]
[SourceVersion "1"]
[SourceVersionDate "2023.10.10"]
[SourceQuality "1"]

1. f4 d5 2. Nf3 g6 3. g3 Bg7 4. Bg2 c6 5. 0-0 h5 6. d3 Qb6+ 7. d4 Nf6 8. Nc3 Ne4 9. Nxe4 dxe4 10. Ne5 Bf5 11. c4 h4 12. Be3 hxg3 13. hxg3 f6 14. c5 Qa6 15. g4 fxe5 16. gxf5 exf4 17. Rxf4 gxf5 18. Rxf5 Nd7 19. Bxe4 0-0-0 20. Qd3 Qxd3 21. Bxd3 Rdg8 22. Rg5 Bh6 23. Rxg8+ Rxg8+ 24. Kf2 Rf8+ 25. Bf4 Rxf4+ 26. Kg3 Rxd4 27. Rc1 Bxc1 28. Kf3 Bxb2 29. Ke3 Nxc5 30. Bf5+ Kc7 31. Bc2 e5 32. Kf2 Bc1 33. Kf1 Be3 34. Kg2 Rf4 35. Kg3 Ne6 36. Bd3 Nd4 37. Kg2 b5 38. a3 a6 39. Kg3 c5 40. Kg2 c4 41. Bh7 Nxe2 42. Kh3 Nd4 43. a4 c3 44. axb5 axb5 45. Kg3 b4 46. Kg2 b3 47. Kg3 c2 48. Bxc2 bxc2 49. Kh3 c1Q 50. Kg3 Qg1+ 51. Kh3 Qf1+ 52. Kg3 Qf3+ 53. Kh2 Rh4# 0-1

[Event "Titled Tuesday intern op 12th Sep Early"]
[Site "Chess.com INT"]
[Date "2023.09.12"]
[Round "8"]
[White "Nilsen, Tobias Lang"]
[Black "Lesbekova, Asel"]
[Result "1/2-1/2"]
[WhiteElo "2219"]
[BlackElo "1805"]
[PlyCount "93"]
[EventDate "2023.09.12"]
[EventType "swiss (blitz)"]
[EventRounds "11"]
[EventCountry "USA"]
[SourceTitle "EXT 2024"]
[Source "ChessBase"]
[SourceDate "2023.10.10"]
[SourceVersion "1"]
[SourceVersionDate "2023.10.10"]
[SourceQuality "1"]

1. f4 d5 2. Nf3 c5 3. g3 Nc6 4. Bg2 g6 5. 0-0 Bg7 6. d3 Nh6 7. e4 dxe4 8. dxe4 Qxd1 9. Rxd1 Nd4 10. Nxd4 Bxd4+ 11. Kf1 Ng4 12. h3 Ne3+ 13. Bxe3 Bxe3 14. Nc3 Be6 15. Ke2 Bd4 16. Kf3 0-0-0 17. Bf1 Bxc3 18. bxc3 h5 19. a3 Kc7 20. Ke3 Kc6 21. Bg2 Kc7 22. Rab1 b6 23. Rd3 Bc4 24. Rdd1 Ba2 25. Ra1 Bc4 26. Bf3 Be6 27. h4 Bc4 28. Rxd8 Rxd8 29. Rd1 Rxd1 30. Bxd1 Kd6 31. g4 hxg4 32. Bxg4 b5 33. e5+ Kd5 34. Bd7 a6 35. e6 Kd6 36. exf7 Bxf7 37. Bc8 a5 38. f5 e6 39. fxg6 Bxg6 40. Ba6 Kc6 41. Kd2 Kb6 42. Bc8 Bf5 43. h5 Kc7 44. Ba6 Kb6 45. Bc8 Kc7 46. Ba6 Kb6 47. Bc8 1/2-1/2